Loading...
Literature - American Literature | 2 | 3 | 0 | 1 | 60 | 30 | 89.00 | 2 | 4 |
Literature - British Literature | 2 | 2 | 0 | 1 | 50 | 21 | 78.25 | 1 | 2 |
Science - Biology | 1 | 3 | 1 | 0 | 40 | 59 | 82.25 | 0 | 4 |
Science - Chemistry | 1 | 2 | 0 | 0 | 35 | 57 | 90.00 | 1 | 2 |
Literature - World Literature | 1 | 2 | 0 | 0 | 35 | 68 | 81.67 | 0 | 1 |
Literature - European Literature | 0 | 4 | 2 | 1 | 30 | 92 | 113.50 | 0 | 2 |
Auditory Arts | 0 | 3 | 1 | 1 | 25 | 85 | 104.67 | 0 | 3 |
Social Science | 0 | 2 | 0 | 0 | 20 | 93 | 107.00 | 1 | 2 |
Fine Arts - Other Arts | 0 | 2 | 1 | 0 | 15 | 97 | 105.00 | 0 | 0 |
Beliefs | 0 | 1 | 0 | 0 | 10 | 120 | 120.00 | 0 | 0 |
Geography | 0 | 1 | 0 | 0 | 10 | 98 | 98.00 | 0 | 0 |
History - Other History | 0 | 0 | 0 | 0 | 0 | 0.00 | 0 | 0 | |
Visual Arts | 0 | 0 | 0 | 0 | 0 | 0.00 | 0 | 0 | |
Philosophy | 0 | 0 | 1 | 0 | -5 | 0.00 | 0 | 0 |